| 000 | 00319nam a2200097Ia 4500 | ||
|---|---|---|---|
| 008 | 220120s9999||||xx |||||||||||||| ||und|| | ||
| 100 |
_aShwetha, M.D and Swathi, B.P _912203 |
||
| 245 | 0 | _aOnline student treaking system | |
| 260 |
_aCoorg Institute of Technology _bPonnampet _c2011 |
||
| 650 | _aELECTRONICS AND COMMUNICATIONS | ||
| 999 |
_c137951 _d137951 |
||